The new regionalism and the future of security and development / (Record no. 394)

MARC details
000 -LEADER
fixed length control field 00696nam a22002297a 4500
003 - CONTROL NUMBER IDENTIFIER
control field OSt
005 - DATE AND TIME OF LATEST TRANSACTION
control field 20140911150717.0
008 - FIXED-LENGTH DATA ELEMENTS--GENERAL INFORMATION
fixed length control field 140911b xxu||||| |||| 00| 0 eng d
020 ## - INTERNATIONAL STANDARD BOOK NUMBER
International Standard Book Number 0333687140
040 ## - CATALOGING SOURCE
Transcribing agency 040a
082 ## - DEWEY DECIMAL CLASSIFICATION NUMBER
Edition number 20
Classification number 337.1
Item number NEW 2000
245 ## - TITLE STATEMENT
Title The new regionalism and the future of security and development /
Statement of responsibility, etc. Bjorn Hettne, Andras Inotal, Osvaldo Sunkel
260 ## - PUBLICATION, DISTRIBUTION, ETC. (IMPRINT)
Place of publication, distribution, etc. London
Name of publisher, distributor, etc. Macmillan press
Date of publication, distribution, etc. 2000
300 ## - PHYSICAL DESCRIPTION
Extent xxxviii, 313p ;
Dimensions 10 cm.
440 ## - SERIES STATEMENT/ADDED ENTRY--TITLE
Title The new regionalism series
9 (RLIN) 1037
504 ## - BIBLIOGRAPHY, ETC. NOTE
Bibliography, etc includes index
650 ## - SUBJECT ADDED ENTRY--TOPICAL TERM
Topical term or geographic name as entry element Development
9 (RLIN) 612
700 ## - ADDED ENTRY--PERSONAL NAME
Personal name Hettne, Bjorn
9 (RLIN) 1038
700 ## - ADDED ENTRY--PERSONAL NAME
Personal name Sunkel, Osvaldo
9 (RLIN) 1039
700 ## - ADDED ENTRY--PERSONAL NAME
Personal name Inotal, Andras
9 (RLIN) 1040
942 ## - ADDED ENTRY ELEMENTS (KOHA)
Source of classification or shelving scheme Dewey Decimal Classification
Koha item type Short Loan
Holdings
Withdrawn status Lost status Source of classification or shelving scheme Damaged status Not for loan Home library Current library Date acquired Source of acquisition Inventory number Total Checkouts Full call number Barcode Date last seen Price effective from Koha item type
    Dewey Decimal Classification     MUST Main Library MUST Main Library 11/09/2014   2003/18868   337.1 NEW 2000 2014-2651 11/09/2014 11/09/2014 Short Loan